000
00282nam a2200121Ia 4500
005
20251222144752.0
008
251222s9999||||xx |||||||||||||| ||spa||
082
_a
770.944.36/W78
100
_a
Vitoux, D'Alfred
245
0
_a
Paris vu du Louvre
264
_b
Adam Biro
942
_c
LIB
999
_c
19382
_d
19382